Les 10 meilleurs joueurs de foot par poste #8 - Statistiques

Statistiques générales
  • Ce quiz a été pris 781 fois
  • Le résultat moyen est 4 sur 10
Statistiques - réponses
Hint Réponse % Correct
1 Lionel Messi
99%
4 Gareth Bale
64%
5 Mohamed Salah
63%
2 Arjen Robben
61%
3 Angel Di Maria
45%
9 Riyad Mahrez
26%
6 Luis Figo
23%
10 Pedro
18%
8 Bernardo Silva
17%
7 David Beckham
15%
Aucun quiz correspondant
Distribution des résultats
% des personnes avec chaque résultat
Percentile par nombre de réponses
Votre historique - résultats
Vous n’avez pas pris ce quiz